[Event "Olympiad-41"]
[Site "Tromsoe"]
[Date "2014.08.06"]
[Round "5.1"]
[White "Aronian, Levon"]
[Black "Carlsen, Magnus"]
[Result "1/2-1/2"]
[WhiteElo "2805"]
[BlackElo "2877"]
[PlyCount "116"]
[EventDate "2014.08.02"]
[EventType "team-swiss"]
[EventRounds "11"]
[EventCountry "NOR"]
[SourceTitle "CBM 162"]
[Source "ChessBase"]
[SourceDate "2014.09.17"]
[SourceVersion "1"]
[SourceVersionDate "2014.09.17"]
[SourceQuality "1"]
[WhiteTeam "Armenia"]
[BlackTeam "Norway"]
[WhiteTeamCountry "ARM"]
[BlackTeamCountry "NOR"]

1. d4 d5 2. c4 c6 3. Nf3 Nf6 4. Nc3 dxc4 5. a4 Na6 6. e3 Bg4 7. Bxc4 e6 8. h3 Bxf3 9. Qxf3 Nb4 10. O-O Be7 11. a5 O-O 12. Rd1 b6 13. axb6 axb6 14. Rxa8 Qxa8 15. Bd2 $146 ({RR} 15. e4 c5 16. dxc5 Rc8 17. Qe2 bxc5 18. Bg5 h6 19. Bh4 Qb7 20. e5 Nh7 21. Bxe7 Qxe7 22. Ne4 Nf8 23. Nd6 Rb8 24. Qe4 Ng6 25. f4 Nd5 26. Rxd5 exd5 27. Bxd5 Nh8 28. Nf5 Qe8 29. e6 fxe6 {Mochalov,E (2455)-Taimanov,M (2505) Minsk 1995 1-0 (36)}) 15... Rd8 16. Rc1 Nbd5 17. Qd1 h6 18. Ra1 Qb7 19. Qb3 Ra8 20. Rc1 Nxc3 21. Bxc3 Qc7 22. Be2 c5 23. Bf3 Rd8 24. Rd1 Nd5 25. dxc5 Nxc3 26. cxb6 Rxd1+ 27. Bxd1 Qb7 28. bxc3 Bc5 29. h4 Qxb6 30. Qc2 Qd6 31. h5 Kf8 32. Bf3 Ke7 33. g3 Qe5 34. Kg2 Qd6 35. Qe4 Qc7 36. Be2 Qd6 37. Bc4 Qc7 38. Bb5 Bd6 39. c4 Bc5 40. g4 Bb6 41. Qa8 Qd8 42. Qa1 Kf8 43. Qa3+ Kg8 44. Bc6 Qc8 45. Qa4 Bc5 46. Qb5 Be7 47. Kf3 Qd8 48. Ke2 Qd6 49. Qb7 Qb4 50. Qc8+ Bf8 51. Be4 Qc5 52. Qa6 Qg5 53. Bf3 g6 54. hxg6 Qxg6 55. Qa4 Qb1 56. Bg2 Qb2+ 57. Kf1 Qb1+ 58. Ke2 Qb2+ 1/2-1/2

[Event "Sinquefield Cup 2nd"]
[Site "Saint Louis"]
[Date "2014.08.31"]
[Round "5"]
[White "Aronian, Levon"]
[Black "Carlsen, Magnus"]
[Result "0-1"]
[WhiteElo "2805"]
[BlackElo "2877"]
[Annotator "Roiz,Michael"]
[PlyCount "140"]
[EventDate "2014.08.27"]
[EventType "tourn"]
[EventRounds "10"]
[EventCountry "USA"]
[EventCategory "23"]
[SourceTitle "CBM 162"]
[Source "ChessBase"]
[SourceDate "2014.09.17"]
[SourceVersion "1"]
[SourceVersionDate "2014.09.17"]
[SourceQuality "1"]

1. d4 Nf6 2. Nf3 b6 3. g3 Bb7 4. c4 g6 {As usual, Magnus Carlsen doesn't mind deviating from the main paths.} 5. Bg2 Bg7 6. O-O O-O 7. Re1 {The latest attempt to fight for the opening advantage. White is delaying a development of the b1 in order to take control of the key e4-square.} ({Black's position looks quite solid after} 7. d5 Ne4 (7... Na6 8. Nc3 Nc5 9. Nd4 (9. Be3 $5) 9... e5 10. Nb3 d6 11. e4 Nfd7 12. Be3 a5 13. Nd2 f5 $132 {1-0 Giri,A (2734)-Grischuk,A (2783)/Beijing CHN 2013 (43)}) 8. Qc2 f5 9. Nbd2 Nd6 10. e4 Na6 11. exf5 Nxf5 12. Ne4 c6 $132 {½-½ Sargissian,G (2686)-Anton Guijarro,D (2631)/Dubai UAE 2014 (82)}) ({Or} 7. Nc3 Ne4 8. Nxe4 Bxe4 9. Be3 c5 10. Qd2 d6 11. Bh6 Nd7 12. Bxg7 Kxg7 13. Rfd1 Nf6 $11 {1-0 Istratescu,A (2651)-Edouard,R (2680)/Nancy FRA 2013 (56)}) 7... e6 8. Nc3 {Exchanging one pair of knights would definitely suit Black.} ({After} 8. Bg5 h6 9. Bxf6 Qxf6 10. Nc3 d6 $11 {White seizes a lot of space, but Black's position remains flexible, while the dark-squared bishop is becoming very strong.}) ({At the same time,} 8. Bf4 $5 d6 9. Qc2 {may be a possible improvement.}) 8... Ne4 9. Nxe4 (9. Bd2 {seems quite comfortable for Black:} d6 10. Rc1 Nd7 11. d5 Nxc3 (11... Nxd2 $5 12. Nxd2 Qe7 $11) 12. Bxc3 Bxc3 13. Rxc3 e5 14. Qd2 Kg7 15. e4 a5 16. h4 Nc5 $11 {1-0 Svidler,P (2753)-Ipatov,A (2613)/Dubai UAE 2014 (41)}) 9... Bxe4 10. Bg5 Qe8 $1 $146 {Magnus comes up with an important novelty in a rare theoretical position.} ({In the previous game Black had failed to solve all the problems after bringing the queen to b7:} 10... Qc8 11. Qd2 d6 12. Bh6 Qb7 13. Bxg7 Kxg7 14. Rad1 (14. Bh3 $5 Bxf3 15. exf3 c5 16. f4 $14) 14... Nd7 15. d5 Bxf3 16. exf3 e5 17. f4 $14 {0-1 Efimenko,Z (2648)-Maletin,P (2588)/Dubai UAE 2014 (56)}) ({RR} 10... Bf6 11. Qd2 Bxg5 12. Nxg5 Bxg2 13. Kxg2 d6 14. Rad1 Nd7 15. h4 Qe7 16. Qf4 f6 17. Nf3 a5 18. Qe4 Rae8 19. Qb7 Qd8 20. a3 Rf7 21. b4 Qa8 22. Qxc7 Ne5 23. Qxd6 Nxc4 24. Qf4 Nxa3 25. bxa5 {Cina',V (2343)-Zamengo,F (2359) Darfo Boario Terme ITA 2025 ½-½ (37)}) 11. Qd2 d6 {It looks like Black has no problems now.} 12. Bh6 ({Nor does} 12. Qe3 {promise anything special:} Bb7 13. Bh6 (13. Qd3 e5 14. e4 Nd7 $11) 13... Nd7 14. Bxg7 Kxg7 15. Qd3 Rd8 16. e4 e5 17. Rad1 Qe7 $11) 12... Nd7 13. Rac1 $146 (13. Qf4 f5 14. Qh4 Nf6 15. Ng5 Bxh6 16. Qxh6 Bxg2 17. Kxg2 Qe7 $11) ({RR} 13. Bxg7 Kxg7 14. Qc3 Qe7 15. d5+ Kg8 16. Rad1 Rae8 17. Nd4 Bxg2 18. Kxg2 a5 19. b3 e5 20. Nc6 Qg5 21. h4 Qg4 22. Qf3 Qxf3+ 23. exf3 Ra8 24. f4 f6 25. h5 Nb8 26. fxe5 fxe5 27. hxg6 hxg6 {Sonis,F (2558)-Iermito,S (2517) Turin ITA 2024 ½-½ (39)}) ({RR} 13. Bxg7 Kxg7 14. Qc3 Nf6 15. d5 Qe7 16. Rad1 Kg8 17. Nh4 Bxg2 18. Nxg2 e5 19. e4 a5 20. b3 Qd7 21. a3 Qh3 22. Nf4 Qh6 23. Kg2 Ng4 24. Nh3 f5 25. f3 f4 26. Rd3 Nf6 27. gxf4 Nd7 {Mareco,S (2583)-Svane,R (2496) Caleta 2015 1-0 (54)}) 13... Qe7 14. Bxg7 Kxg7 $11 {Magnus has comfortably equalised.} 15. Bh3 {An ambitious attempt to avoid the further simplifications.} (15. Ng5 Bxg2 16. Kxg2 e5 17. Ne4 Nf6 18. Nc3 c6 $11) 15... Nf6 (15... c5 16. Red1 Rad8 17. dxc5 dxc5 18. Qc3+ Qf6 $11) 16. Nh4 {The knight has nothing much it can achieve there, but Levon just wanted to seize space in the centre as soon as it was possible.} (16. Qc3 c5 17. Nd2 Bb7 18. e4 cxd4 19. Qxd4 Qc7 $11) 16... Bb7 17. f3 (17. Bg2 Bxg2 18. Nxg2 $11) 17... c5 18. e4 cxd4 19. Qxd4 Rfd8 {White's space advantage is just symbolic here, since there are not many minor pieces on the board.} 20. Ng2 Qc7 21. Ne3 Qc5 22. Qc3 {I guess, Levon was quite ambitious at this moment.} (22. Red1 h5 23. Rd3 Rd7 24. Rcd1 Rad8 $11) 22... a5 23. Red1 h5 {A useful prophylactic move.} 24. Rd3 b5 $1 {Just in time! Magnus doesn't hesitate and avoids a passive position.} ({After} 24... Rd7 25. Rcd1 Rad8 26. Bg2 $14 {Black would be forced to sit and wait, while White may try to make progress on both sides of the board.}) 25. b3 $6 {A strange decision.} ({There was no reason to deviate from} 25. cxb5 Qxb5 26. Qd2 Ba6 27. Bf1 (27. Rb3 $5) 27... Qb4 28. Rd4 Qxd2 29. Rxd2 Bxf1 30. Kxf1 {and White's position is even slightly better, although Black should be able to equalise.}) 25... bxc4 26. bxc4 {The position is still more or less equal, but White may face some problems in the long run - the pawns on c4 and a2 are quite vulnerable, while the d6 is not under any pressure.} ({I would prefer} 26. Qxc4 Qa3 27. Rdc3 d5 (27... Rac8 28. Qd4 Rxc3 29. Rxc3 $11 Qxa2 $140 $2 30. Bxe6 $16) 28. Qc7 Rd7 29. Qe5 dxe4 30. fxe4 {and White has enough counterplay to achieve a draw:} Bxe4 31. Rf1 Qe7 32. Rf4 Bf5 33. Bxf5 exf5 34. Rxf5 $11) 26... Bc6 27. Rcd1 Rd7 28. Bg2 Rb8 29. Qd4 {A correct decision - the queen exerts unpleasant pressure along the a7-g1 diagonal.} Qe5 $5 {Magnus is trying to complicate the matters.} ({Deviating from the simple endgame which arises after} 29... e5 30. Qxc5 dxc5 31. Rd6 Ba4 32. R1d2 Rxd6 33. Rxd6 Rb1+ 34. Bf1 $11) 30. f4 $6 {This impatient advance leads to some troubles.} ({It was necessary to swap one pair of rooks in order to equalise:} 30. Rb3 $1 Rxb3 31. axb3 Rb7 32. Nc2 Be8 (32... Rxb3 $2 33. f4 $1 Qxd4+ 34. Nxd4 Rb6 35. Nxc6 Rxc6 36. e5 $16) 33. Qxe5 dxe5 34. Ra1 Rxb3 35. Rxa5 Rc3 36. Ne1 $11) 30... Qxd4 31. Rxd4 Rc7 {Now Black has a small but stable advantage, since White has a couple of weaknesses.} (31... e5 32. Rxd6 (32. fxe5 dxe5 33. Rxd7 Bxd7 $15) 32... Rxd6 33. Rxd6 exf4 34. gxf4 Bxe4 35. Rd2 a4 $15) 32. R1d2 Ne8 $1 {As usual, Magnus is playing precisely in such positions.} ({Black didn't get anything special in the event of} 32... e5 33. Rxd6 exf4 34. gxf4 Nxe4 35. Bxe4 (35. Rxc6 $2 Rxc6 36. Bxe4 Re6 $19 {[%csl Re3,Re4]}) 35... Bxe4 36. Kf2 $11) 33. Kf2 (33. e5 {didn't solve all the problems either:} dxe5 34. fxe5 Bxg2 35. Kxg2 Rc5 36. Re4 Nc7 $15) 33... Kf8 34. c5 {As is his style, Levon is searching for active play at the cost of material.} (34. R4d3 Rb4 35. Rb3 $15) 34... dxc5 35. Rc4 (35. R4d3 $5 Nf6 36. e5 Ne4+ 37. Bxe4 Bxe4 38. Rc3 $15) 35... Bb5 $6 ({The only way to fix the advantage was} 35... Rd7 $1 {exchanging Levon's most active piece} 36. Rxd7 (36. Rdc2 Nd6 37. Rxc5 Bxe4 $17) 36... Rb2+ 37. Rc2 $1 (37. Ke1 Bxd7 38. a4 Ra2 $17) 37... Rxc2+ 38. Nxc2 Bxd7 39. e5 $15 {Still, White has excellent drawing chances here.}) 36. Rc3 (36. Rb2 $5 Rbb7 (36... Bxc4 37. Rxb8 Bd3 (37... Bxa2 $4 38. Rb2 $18) 38. Ke1 Ke7 39. e5 $44) 37. Rc3 Bc6 38. Rxb7 Bxb7 39. e5 Bxg2 40. Kxg2 Ng7 41. Kf3 $11) 36... c4 37. e5 $6 {This natural move is inaccurate.} ({Equality was reachable:} 37. Rb2 $142 Rcc8 38. e5 Ng7 39. Be4 Nf5 40. Nxc4 Bxc4 41. Rxb8 Rxb8 42. Rxc4 $11) 37... Rc5 $1 38. Nc2 $6 {After this move White's position could become very difficult.} (38. Bf1 $142 f6 $1 39. Nxc4 fxe5 40. fxe5 Bxc4 41. Rxc4 Rxe5 $15) 38... Nc7 39. Nd4 Nd5 $6 {There was no reason to hurry with clarifying the character of the position.} ({A much stronger move was} 39... Ba6 $1 40. Ke3 Rb1 41. Be4 Nd5+ 42. Bxd5 Rxd5 $17) 40. Bxd5 Rxd5 41. Nf3 $1 {After exchanging one pair of rooks White gets sufficient compensation for a pawn, since the knight is more useful than the bishop here.} Rc5 (41... Ba6 42. Rxd5 exd5 43. Ra3 Rb1 44. Ke3 $44) 42. Rb2 Rd8 (42... Rcc8 43. Nd2 Ba6 44. Rbc2 Rc5 45. Ke3 Rb4 46. Ne4 $44) 43. Nd2 Bc6 44. Nb3 $6 {Tired after some tough defence, Levon commits another serious mistake.} ({After} 44. Ke3 Bd5 45. Rbc2 Rdc8 46. h4 {Black couldn't make any progress.}) 44... Rb8 $1 {That's the point! Now White cannot set up a blockade any more.} 45. Rcc2 c3 46. Rb1 Rcb5 47. Rxc3 Bd5 {White has managed to win the c-pawn, but there is no way to avoid the loss of another pawn.} 48. Rbc1 Bxb3 49. Rxb3 Rxb3 50. axb3 Rxb3 {This rook endgame is still drawn, but White's practical task is not that easy.} 51. Rc8+ $1 {Correctly keeping the took active.} (51. Ra1 Rb5 52. Ra2 Ke7 53. Ke3 g5 $17) 51... Ke7 ({After} 51... Kg7 52. Ra8 Ra3 53. h4 a4 54. Kg2 {it would be very difficult to activate the g7, so White should be able to save a half point.}) 52. Kg2 $1 {An excellent defensive resource! The king may attack Black's kingside pawns now.} (52. Ra8 $2 Rb2+ 53. Ke3 Ra2 54. Kd4 a4 55. Ke3 a3 56. Kd4 Kd7 57. Ra7+ Kc6 58. h4 Kb6 59. Ra8 Kb5 60. Rb8+ Ka4 61. Ra8+ Kb3 62. Rb8+ Kc2 63. Ra8 Ra1 $19) 52... a4 53. Kh3 g5 $1 {Magnus finds the only resource in this drawish position.} ({After} 53... a3 54. Ra8 Kd7 55. Kh4 Kc6 56. Kg5 $11 {White would be out of danger.}) 54. fxg5 Rb4 55. Ra8 Rg4 56. Ra7+ Kf8 57. g6 ({There was nothing wrong with} 57. Kg2 Rxg5 (57... h4 58. Kf3 hxg3 59. hxg3 Rb4 60. g6 fxg6 61. Kf2 $15) 58. Rxa4 Rxe5 59. h3 $15) 57... fxg6 58. Kg2 g5 59. Kf3 Rb4 60. Ke3 Ke8 61. Kd3 h4 ({After} 61... Rb2 $5 62. Rxa4 (62. h4 $2 gxh4 63. gxh4 Rb4 $19) 62... Rxh2 63. g4 {White should be able to escape, but the task is not easy:} Rh3+ 64. Ke2 h4 65. Ra8+ Kf7 66. Ra7+ Kg6 67. Re7 Rg3 68. Rxe6+ Kf7 69. Rf6+ Ke7 70. Rh6 Rxg4 71. Kf3 Rf4+ 72. Kg2 Re4 73. Kh3 Rxe5 74. Kg4 {and Black cannot make progress.}) 62. Kc3 hxg3 63. hxg3 (63. Kxb4 g2 $19) 63... Rg4 64. Kd3 $2 {The decisive mistake. Levon allows Black to keep the a-pawn on the board.} ({After the correct} 64. Kd2 $1 Rxg3 65. Rxa4 Kf7 66. Ra8 Rb3 67. Ke2 Rb5 68. Kf3 Rxe5 69. Kg4 {the activity of White's pieces saves the day. Still, precise play is required.}) 64... a3 65. Ke3 Rxg3+ 66. Kd4 g4 $19 {Now the game is over - 2 passed pawns are unstoppable.} 67. Ra8+ Kd7 68. Kc5 Rd3 69. Kc4 Rf3 70. Kc5 g3 0-1

[Event "Sinquefield Cup 2nd"]
[Site "Saint Louis"]
[Date "2014.09.03"]
[Round "7"]
[White "Carlsen, Magnus"]
[Black "Nakamura, Hikaru"]
[Result "1-0"]
[WhiteElo "2877"]
[BlackElo "2787"]
[Annotator "ChessBase"]
[PlyCount "103"]
[EventDate "2014.08.27"]
[EventType "tourn"]
[EventRounds "10"]
[EventCountry "USA"]
[EventCategory "23"]
[SourceTitle "CBM 162"]
[Source "ChessBase"]
[SourceDate "2014.09.17"]
[SourceVersion "1"]
[SourceVersionDate "2014.09.17"]
[SourceQuality "1"]

1. d4 {Roiz,Michael} d5 2. c4 c6 3. Nc3 dxc4 {Hikaru tried this line recently against Mamedyarov in the Olympiad.} 4. e3 ({RR} 4. e4) 4... b5 5. a4 b4 6. Ne4 Qd5 7. Nd2 c3 8. bxc3 {Mamedyarov played 8.Ndf3. For some reason, Hikaru was either unfamiliar with this line (the main line) or forgot his analysis.} bxc3 9. Nb1 Qa5 10. Qc2 {This is a common position. Black usually plays 10...Na6. Hikaru went into a long think, and played an interesting move.} e5 $5 ({RR} 10... Na6 11. Qxc3 ({RR} 11. Ba3 e5 12. Bxf8 Kxf8 13. Bxa6 Bxa6 14. dxe5 Rb8 15. Nxc3 Qxe5 16. Nge2 Bxe2 17. Kxe2 Nf6) 11... Qxc3+ ({RR} 11... Nb4 12. Bd2 e6 13. Nf3 Nf6 14. Bc4 Be7 15. O-O O-O 16. Ne5 c5 17. dxc5 ({RR} 17. Qb3 Qc7 18. Rc1 cxd4 19. exd4 Qb6 20. Na3 a5 21. Nb5 Bb7) 17... Qxc5 18. Bb5 Qxc3 19. Nxc3 Rd8 20. Rfd1 Bb7) 12. Nxc3 Nb4 13. Rb1 a5 14. Nf3 Nf6 15. Ne5 ({RR} 15. Be2 Bf5 16. Rb2 g6 17. O-O Bg7 18. Na2 Nfd5 19. Bd2) 15... Bf5 16. Rb2 Nd7 ({RR} 16... e6 17. Be2 Nfd5 18. Bd2 f6 19. Nc4) 17. e4 ({RR} 17. Nxd7 Bxd7 18. Bc4 e6 19. Ke2 c5 20. d5) 17... Nxe5 18. dxe5 Bc8 ({RR} 18... Be6 19. Be2 f6 ({RR} 19... g6 20. O-O Bg7 21. f4) 20. O-O fxe5 21. Be3) 19. Bc4 e6 20. Be3 Be7 21. Ke2 O-O 22. Rd1 Rd8 ({RR} 22... Rb8 23. Nb1 h6) 23. Rxd8+ Bxd8 24. Bc5 Ba6 ({RR} 24... f6 25. exf6 Bxf6 26. Rb3 Kf7 27. Bd6 Bd4 28. Nb1) 25. Bxa6 {Wojtaszek,R (2750)-Bartel,M (2604) Warsaw 2018 CBM 185 [Roiz,Michael] 1-0 (79)}) ({RR} 10... Na6 11. Qxc3 Nb4 12. Bd2 e6 13. Nf3 Nf6 14. Bc4 Ne4 15. Qc1 Nxd2 16. Nbxd2 Be7 17. O-O O-O 18. Ne5 Bb7 19. Be2 Rac8 20. Nb3 Qc7 21. Nc5 Bd6 22. Rb1 a5 23. Qc4 Bxc5 24. Qxc5 Rfd8 25. Nc4 {Steen,P (2027)-Kantekin,B (1828) Brasschaat BEL 2025 ½-½ (53)}) 11. Nf3 {And now Hikaru thought for a long time, and made the losing move.} Na6 $146 (11... exd4 12. Nxd4 Nf6 {is better for white, but the game goes on. Perhaps Hikaru thought this was too simple and played for complications, but they were not in his favor.}) ({RR} 11... exd4 12. Nxd4 Nf6 13. Be2 Bb4 14. Ba3 c5 15. Bxb4 Qxb4 16. Nb5 Na6 17. Nd6+ Kf8 18. Nxc8 Qb2 19. Qxc3 Qxc3+ 20. Nxc3 Nb4 21. Nd6 Nc2+ 22. Kd2 Nxa1 23. Nc4 Rd8+ 24. Bd3 {1-0 (24) Munkhgal,G (2413)-Zhang,Z (2236) Shijiazhuang 2015}) ({RR} 11... exd4 12. Nxd4 Nf6 13. Nxc3 Bb4 14. Bd2 O-O 15. Bd3 Bb7 16. O-O Nbd7 17. Nb3 Qh5 18. Ne4 c5 19. a5 Nxe4 20. Bxe4 Bxe4 21. Qxe4 Nf6 22. Qc4 Rab8 23. Rfd1 Bxd2 24. Rxd2 Rb4 25. Qc2 c4 26. Nd4 {Didiliuc,D (1846)-Terbe,J (2171) Calimanesti Caciulata 2016 0-1 (57)}) 12. Nxe5 {Black is simply lost. He will be 1-2 pawns in the ending with no compensation.} Nb4 {Played after long thought, but there is nothing else.} 13. Qb3 $1 Be6 14. Bc4 c2 $6 (14... Bxc4 15. Qxc4 Qd5 (15... Nc2+ $2 16. Kd1 Nxa1 17. Qxf7+ Kd8 18. Qd7#) 16. O-O {is best, but white should be winning.}) 15. Bxe6 Nd3+ 16. Ke2 Nxe5 17. dxe5 fxe6 18. Qxe6+ Ne7 19. Nd2 Qd5 {The computer says this is best, but black has little chance of survival in the ending.} 20. Qxd5 Nxd5 21. Ne4 Rb8 22. Bd2 Bb4 23. Rhc1 Bxd2 24. Nxd2 Nb4 25. Nf3 Ke7 26. Ne1 Rhd8 27. f4 $1 (27. Nxc2 $6 Nd3 28. Rcb1 Nxe5 {is great for white, but not completely winning.}) 27... c5 28. Nxc2 Nd3 29. Rcb1 Nb2 30. Ra2 Nxa4 {A bit tricky, but unfortunately, not tricky enough.} 31. Rxb8 Nc3+ 32. Kf3 Nxa2 33. Rb5 Nb4 34. Nxb4 cxb4 35. Rxb4 Ra8 36. Ke4 a5 37. Ra4 Kf7 38. g4 Ke7 39. f5 h6 40. h4 Kf7 41. e6+ Kf6 42. Rd4 Ke7 (42... Ra7 43. g5+ hxg5 44. Rd7 Rxd7 45. exd7 Ke7 46. f6+ gxf6 47. h5 {is a funny computer line.}) 43. Rd7+ Kf8 44. e7+ Ke8 45. Rd8+ Rxd8 46. exd8=Q+ Kxd8 47. Kd5 Ke7 48. g5 a4 49. Kc4 hxg5 50. hxg5 Kd6 51. e4 Ke5 52. Kb4 1-0